| 000 | 00724 a2200217 4500 | ||
|---|---|---|---|
| 001 | 200129811 | ||
| 003 | TR-AnTOB | ||
| 005 | 20250121135230.0 | ||
| 008 | 130612s tu 000 0 | ||
| 040 |
_aTR-AnTOB _cTR-AnTOB |
||
| 041 | 0 | _atur | |
| 050 | 0 | 0 |
_aTS171.A1 _bO88 2008 |
| 090 | _aTS171.A1. O88 2008 | ||
| 245 | 1 | 0 |
_aODTÜ Endüstri Ürünleri Tasarım Bölümü mezuniyet sergisi 2-4 Haziran= Middle East Technical University Deparment of Industrial Design graduation project exhibition 1-3 june 2008 / _cODTÜ Kültür ve Kongre Merkezi. |
| 264 | 1 |
_aAnkara: _bODTÜ, _c2008. |
|
| 300 |
_a187; _bill; _c13cm. |
||
| 650 | 0 |
_aEndüstriyel tasarım _960364 |
|
| 650 | 0 |
_aIndustrial design _921636 |
|
| 942 |
_cBK _2lcc |
||
| 999 |
_c200129811 _d31247 |
||